| 000 | 00673nam a2200193Ii 4500 | ||
|---|---|---|---|
| 003 | JO-AjNU | ||
| 008 | 230606s9999||||xx |||||||||||||| ||und|| | ||
| 040 |
_aJO-AjNU _beng _erda _cJO-AjNU |
||
| 041 | _aeng | ||
| 050 | 1 | 4 | _aHD5836.2014 |
| 100 | 3 |
_aMohammed bin Rashid Al Maktoum Foundation, _eauthor _93592 |
|
| 245 | 0 | 0 | _aArab Knowledge Report 2014 Youth and Localisation of Knowledge |
| 264 | 3 | 1 | _a`Dubai: Mohammed bin Rashid Al Maktoum Foundation, 2014 |
| 300 | _a258p | ||
| 336 |
_atext _btxt _2rdacontent |
||
| 337 |
_aunmediated _bn _2rdamedia |
||
| 338 |
_avolume _bnc _2rdacarrier |
||
| 650 | 4 |
_aReports - Arabic Knowledge - Youth - Localization of Knowledge _93593 |
|
| 999 |
_aE1874 _c1874 _d1874 |
||